000
00230nam a2200109Ia 4500
005
20251222152042.0
008
251222s9999||||xx |||||||||||||| ||spa||
082
_a
540/S64
245
0
_a
QuĂmica
250
_a
1ra.ed.
942
_c
LIB
999
_c
26095
_d
26095